Golden State Warriors 2022 NBA Roster - Statistics

General Stats
  • This quiz has been taken 173 times
  • The average score is 8 of 17
Answer Stats
# Player % Correct
30 Stephen Curry
100%
11 Klay Thompson
97%
3 Jordan Poole
89%
23 Draymond Green
77%
00 Jonathan Kuminga
64%
22 Andrew Wiggins
56%
0 Gary Payton II
42%
5 Kevon Looney
42%
9 Andre Iguodala
39%
33 James Wiseman
37%
95 Juan Toscano-Anderson
35%
32 Otto Porter Jr.
35%
4 Moses Moody
33%
1 Damion Lee
32%
8 Nemanja Bjelica
25%
2 (Reserve) Chris Chiozza
15%
15 (Reserve) Quinndary Weatherspoon
8%
No matching quizzes found
Score Distribution
Percent of People with Each Score
Percentile by Number Answered
Your Score History
You have not taken this quiz